Top 4 do Brasileirão - Statistics

Estatísticas Gerais
  • Esse quiz foi jogado 518 vezes
    124 desde o último reset
  • A pontuação média é 28 de 33
Estatísticas das Respostas
Time % Correto
Botafogo
100%
Flamengo
100%
Fluminense
100%
Grêmio
100%
Palmeiras
100%
São Paulo
100%
Atlético Mineiro
99%
Corinthians
99%
Cruzeiro
99%
Internacional
99%
Bahia
98%
Santos
98%
Vasco
98%
Athletico Paranaense
95%
Fortaleza
95%
Sport
93%
Coritiba
91%
Mirassol
91%
Guarani
89%
Goiás
85%
Vitória
85%
Náutico
84%
São Caetano
80%
Bragantino
79%
Portuguesa
77%
Bangu
76%
Santa Cruz
75%
Ceará
74%
Ponte Preta
74%
Brasil de Pelotas
60%
Operário-MS
48%
América-RJ
42%
Londrina
38%
Nenhum quiz correspondente encontrado
Distribuição das Pontuações
Porcentagem de Pessoas com Cada Pontuação
Percentil de Números Respondidos
Sua Pontuação Histórica
Você não jogou esse quiz desde o último reset